000 00679nas a2200241 4500
001 BR2010000116
003 BR-BrBNA
005 20231205113811.0
007 ta
008 230509b bl.|||p| |||| 00| 00por d
040 _aBR-BrBNA
_bpor
_cBiblioteca Nacional de Agricultura
041 _a(Pt)
072 _aH20
100 1 _aBittencourt, A.A.
245 1 _aEstudos sobre a leprose dos citrus
650 _aFRUTA CÍTRICA
650 _aLEPROSE
650 _aSINTOMA
650 _aDISTRIBUIÇÃO GEOGRÁFICA
773 0 _tLaranja (Brazil)
_xISSN 0102-1907
_g(2005), v. 26(1) p. 175-207
_wBR2010000116
909 _a202311
_bLúcia
_c55
_dLúcia Elande
942 _2AGRIS
_n0
_cANA
999 _c205690
_d205690